000 00409nam a2200181Ia 4500
005 20240823010629.0
008 240823s9999||||xx |||||||||||||| ||und||
041 _aENGLISH
082 _A420
100 _aSubramanyam J V
245 0 _aEffective ways to elegant English
250 _a1st
260 _b"Sura,M"
500 _aTransfered
650 _aEnglish
_bEnglish
942 _cBK
999 _c159186
_d159186